Country Flags With the Wrong Emblems - Statistics

General Stats
  • This quiz has been taken 1,479 times
  • The average score is 14 of 16
Answer Stats
Picture Answer % Correct
Kazakhstan
98%
Portugal
96%
Bhutan
94%
Liechtenstein
92%
Kosovo
91%
Montenegro
91%
Serbia
91%
San Marino
90%
Oman
88%
Zambia
88%
Barbados
87%
Kenya
86%
Malawi
83%
Marshall Islands
83%
Cambodia
82%
Canada
61%
No matching quizzes found
Score Distribution
Percent of People with Each Score
Percentile by Number Answered
Your Score History
You have not taken this quiz